000 00204 a2200085 4500
020 _a9788193053775
100 _aPURBIA, MAMTA
245 _aMEWAR KI LOK SANSKRITI
260 _bRENA BOOK CENTRE, UDAIPUR
_c2021
999 _c218453
_d218453